000 00481nam a2200181Ia 4500
001 3438
005 20260306145643.0
008 260306t2006||||xx |||||||||||||| ||spa||
041 _aESP
082 _a277.85092
_bP77
100 _aPontificia Universidad Católica del Perú
_eAUT
245 0 _aLibro de visitas de Santo Toribio Mogrovejo (1593-1605)
260 _c2006
300 _alvi, 446 páginas :
_c20 cm.
650 _aGEN
654 _aCHU
942 _cLIB
_dJUS
_fJUS
_2ddc
_n
999 _c3438
_d3438